<?xml version="1.0" encoding="UTF-8"?>
<record
    xmlns:xsi="http://www.w3.org/2001/XMLSchema-instance"
    xsi:schemaLocation="http://www.loc.gov/MARC21/slim http://www.loc.gov/standards/marcxml/schema/MARC21slim.xsd"
    xmlns="http://www.loc.gov/MARC21/slim">

  <leader>00669nam a22001817a 4500</leader>
  <datafield tag="999" ind1=" " ind2=" ">
    <subfield code="c">61604</subfield>
    <subfield code="d">61604</subfield>
  </datafield>
  <controlfield tag="005">20240328155033.0</controlfield>
  <controlfield tag="008">240328s2015    enk||||| |||| 00| 0 eng d</controlfield>
  <datafield tag="020" ind1=" " ind2=" ">
    <subfield code="a">9780691624044</subfield>
  </datafield>
  <datafield tag="041" ind1=" " ind2=" ">
    <subfield code="a">eng</subfield>
  </datafield>
  <datafield tag="080" ind1=" " ind2=" ">
    <subfield code="a">355.40(73) + 327 K-34</subfield>
  </datafield>
  <datafield tag="100" ind1=" " ind2=" ">
    <subfield code="a">Kent, Sherman</subfield>
    <subfield code="9">21620</subfield>
  </datafield>
  <datafield tag="245" ind1=" " ind2=" ">
    <subfield code="a">Strategic Intelligence for American World Policy /</subfield>
    <subfield code="c">Sherman Kent.</subfield>
  </datafield>
  <datafield tag="264" ind1=" " ind2=" ">
    <subfield code="a">Princeton :</subfield>
    <subfield code="b"> Princeton University Press; </subfield>
    <subfield code="c">2015.</subfield>
  </datafield>
  <datafield tag="300" ind1=" " ind2=" ">
    <subfield code="a">226 p.;</subfield>
    <subfield code="b">21 cm.</subfield>
  </datafield>
  <datafield tag="653" ind1=" " ind2=" ">
    <subfield code="a">&#x10E1;&#x10E2;&#x10E0;&#x10D0;&#x10E2;&#x10D4;&#x10D2;&#x10D8;&#x10E3;&#x10DA;&#x10D8; &#x10D3;&#x10D0;&#x10D6;&#x10D5;&#x10D4;&#x10E0;&#x10D5;&#x10D0; &#x10D0;&#x10DB;&#x10D4;&#x10E0;&#x10D8;&#x10D9;&#x10D8;&#x10E1; &#x10DB;&#x10E1;&#x10DD;&#x10E4;&#x10DA;&#x10D8;&#x10DD; &#x10DE;&#x10DD;&#x10DA;&#x10D8;&#x10E2;&#x10D8;&#x10D9;&#x10D8;&#x10E1;&#x10D7;&#x10D5;&#x10D8;&#x10E1;</subfield>
  </datafield>
  <datafield tag="653" ind1=" " ind2=" ">
    <subfield code="a">&#x10DE;&#x10DD;&#x10DA;&#x10D8;&#x10E2;&#x10D8;&#x10D9;&#x10D0;</subfield>
  </datafield>
  <datafield tag="942" ind1=" " ind2=" ">
    <subfield code="2">udc</subfield>
    <subfield code="c">BK</subfield>
  </datafield>
  <datafield tag="952" ind1=" " ind2=" ">
    <subfield code="0">0</subfield>
    <subfield code="1">0</subfield>
    <subfield code="2">udc</subfield>
    <subfield code="4">0</subfield>
    <subfield code="6">3554073__327_K34</subfield>
    <subfield code="7">0</subfield>
    <subfield code="9">98561</subfield>
    <subfield code="a">CPL</subfield>
    <subfield code="b">CPL</subfield>
    <subfield code="c">GEN</subfield>
    <subfield code="d">2024-03-28</subfield>
    <subfield code="g">132.00</subfield>
    <subfield code="o">355.40(73) + 327 K-34</subfield>
    <subfield code="p">67736</subfield>
    <subfield code="r">2024-03-28</subfield>
    <subfield code="t">67736</subfield>
    <subfield code="w">2024-03-28</subfield>
    <subfield code="y">BK</subfield>
    <subfield code="z">132 &#x10DA;.</subfield>
  </datafield>
</record>
